筆仙

資料類型: Book 圖書   書目號:41884

Leader xxxxxxxxxx
001 __ PCLIS00041884
005 __ 20081014170725.0
008 __  chi
010 0_ |a9789866932700|b平裝|dNT$280
020 __ |atw|b97002396
050 __ |a001916466
100 __ |a20080201d2008    k  y0chiy09      e
101 0_ |achi
102 __ |atw
105 __ |aa   z   000yy
200 1_ |a筆仙|e|f眉筆著
205 __ |a初版
210 __ |a臺北市|c核心文化出版|a臺北縣中和市|c宇林文化總經銷|d2008.03
215 0_ |a333面|c|d21公分
225 1_ |a黑色禁區|v1
260 1_ |a2008
300 __ |a英文題名:Teenager's terrible game
681 __ |a857.7|b847|v2007年版
700 _0 |a眉筆|b|c(中國文學)|4
702 __ |a|b|4
801 _0 |atw|bCIP|c20080201|gCCR
801 _1 |atw|bCIP|c20080201|gCCR
801 _2 |atw|b國圖|c20081014|gCCR
詳細館藏(共 1 筆)
索 書 號登 錄 號冊次號館別 / 館藏地流通類型狀態加入預約清單電子資源
857.7 / 847 2017721  圖書館 / 一樓普通區 可外借30天 借出中(2026/4/9應還) 加入預約清單

  

| 條列資料




目錄查詢 分類查詢 個人資料 圖書薦購 新書查詢 閉館日 排行榜 更多電子資源 Hami書城 線上資料庫 登出

From : 216.73.217.52

  本日流通累計至 04:39:42 借閱 : 0 次 續借 : 0 次 歸還 : 0 次 預約 : 0 次 電子資源 : 0 次


內湖高中圖書館  PCLIS 版本  26.5.0.12